000 00471ntaaa2200181 4500
003 01
005 20251027202507.0
008 0714s1973 ag 01
040 _aAR-BaBN
_bspa
_cAR-BaBN
_eaacr
_dRIC
082 _a220.7000 L45e
100 _aWatkins, Henry William (1844- )
_923822
245 _aThe gospel according to John
250 _a1 ed.
260 _aGrand Rapids :
_bZondervan,
_c1957
300 _a468 p.
650 _aBiblia - N.T. - Juan
_99641
942 _cBK
999 _c19937
_d19937